Statistics for Europe Geography Quiz #1

Click here to take the quiz!

General Stats

  • This quiz has been taken 60,025 times
  • The average score is 13 of 20

Answer Stats

QuestionAnswer% Correct
In what tiny country would one find the district of Monte Carlo?Monaco
92%
What is the westernmost capital city on the European mainland?Lisbon
88%
What country is home to the original Legoland theme park?Denmark
86%
From what sea does the United Kingdom extract most of its crude oil?North Sea
83%
What was St. Petersburg called from 1924–1991?Leningrad
80%
What river travels through the capitals of four different countries?Danube
76%
In what region of Spain is Barcelona located?Catalonia
75%
What is Greece's largest island?Crete
74%
What strait separates Spain from Africa?Strait of Gibraltar
74%
What French wine region ends in the letter x?Bordeaux
70%
What French city can be found across the English channel from Dover?Calais
68%
What is the capital of Albania?Tirana
68%
What sea lies between Italy and Croatia?Adriatic Sea
65%
What language has two written forms: Bokmål and Nynorsk?Norwegian
63%
What are Neuschwanstein and Balmoral?Castles
60%
What is the largest lake on the Swiss / French border?Lake Geneva
57%
What city, starting with the letter I, is the northernmost official city in the United Kingdom?Inverness
53%
What city in Austria has twice hosted the Winter Olympics?Innsbruck
47%
What war-torn Russian republic is Grozny the capital of?Chechnya
34%
What is the full name of the English city of Hull?Kingston upon Hull
29%

Score Distribution

Percentile by Number Answered

Percent of People with Each Score

Your Score History

You have not taken this quiz